Zagreb boroughs - Statistics

General Stats
  • This quiz has been taken 103 times
  • The average score is 8 of 17
Answer Stats
City district % Correct
Maksimir
59%
Sesvete
59%
Donja Dubrava
58%
Gornja Dubrava
58%
Črnomerec
55%
Donji grad
55%
Trnje
51%
Trešnjevka - jug
49%
Trešnjevka - sjever
49%
Novi Zagreb - istok
48%
Novi Zagreb - zapad
48%
Stenjevec
38%
Podsljeme
35%
Peščenica - Žitnjak
31%
Brezovica
30%
Podsused - Vrapče
23%
Gornji grad - Medveščak
18%
No matching quizzes found
Score Distribution
Percent of People with Each Score
Percentile by Number Answered
Your Score History
You have not taken this quiz